| 000 | 00462nam a2200157 4500 | ||
|---|---|---|---|
| 001 | 111641 | ||
| 003 | ES-MaACL | ||
| 007 | t| | ||
| 008 | 061121s1973 sp r ||||1| spa d | ||
| 100 | 1 |
_aNery, Gerard. _985405 |
|
| 245 | 1 | 0 |
_aJulia Crèvecoeur; Los amantes de Palermo / _cGerard Nery; versión de J. L. B. |
| 260 |
_aBarcelona : _bLuis de Caralt, _c1973. |
||
| 300 |
_a411 p. ; _c20 cm. |
||
| 700 | 1 |
_aJ. L. B. _965770 |
|
| 852 |
_aES-MaACL _j87057 _bR.C-54073 |
||
| 999 |
_c111641 _d111641 |
||